All Shawn Mendes Songs - Statistics

General Stats
  • This quiz has been taken 127 times
  • The average score is 40 of 102
Answer Stats
Hint Answer % Correct
Shawn Mendes Senorita (With Camila Cabello) (Deluxe Edition Track)
84%
Handwritten Stitches
84%
Wonder Wonder
84%
Illuminate Treat You Better
83%
Illuminate Mercy
76%
Wonder Monster (With Justin Bieber)
72%
Handwritten I Know What You Did Last Summer (With Camila Cabello) (Deluxe Edition Bonus Track)
71%
Illuminate There's Nothing Holdin' Me Back (Illuminate World Tour Reissue Track)
67%
Shawn Mendes Why
67%
Shawn Mendes In My Blood
66%
Lover Lover (Remix) (Taylor Swift ft Shawn Mendes)
66%
Shawn Why Why Why
64%
Handwritten | The Shawn Mendes EP Life Of The Party
63%
Shawn Mendes Lost In Japan
63%
Handwritten Lost (Target Edition Bonus Track)
63%
Shawn Mendes If I Can't Have You (Deluxe Edition Track)
59%
Illuminate Roses (Deluxe Edition Bonus Track)
59%
Shawn Heart Of Gold
58%
Handwritten Never Be Alone
58%
Handwritten Something Big
58%
Shawn Mendes Youth (ft Khalid)
54%
Shawn Mendes Queen
51%
Wonder Teach Me How To Love
49%
Handwritten Imagination (Deluxe Edition Bonus Track)
48%
Illuminate Lights On
48%
Shawn Mendes Nervous
48%
Illuminate Ruin
48%
Single It'll Be Okay
47%
Shawn Mendes Perfectly Wrong
47%
Shawn Mendes Where Were You In The Morning?
46%
Wonder 305
45%
Illuminate Bad Reputation
45%
Shawn Mendes Fallin' All In You
45%
Handwritten Aftertaste
42%
Wonder Higher
42%
Shawn Hallelujah
41%
Handwritten Air (ft Astrid S)
40%
Illuminate Honest
40%
Wonder Intro
40%
The Shawn Mendes EP The Weight
40%
Wonder 24 Hours
39%
Wonder Always Been You
39%
Wonder Dream
39%
Shawn Mendes Mutual
39%
Shawn Mendes Particular Taste
39%
Illuminate Patience
39%
The Shawn Mendes EP Show You
39%
Handwritten Strings
39%
Handwritten The Weight (Deluxe Edition Bonus Track)
39%
Illuminate Understand
39%
Descendants: Soundtrack Believe
37%
Illuminate Hold On (Deluxe Edition Bonus Track)
37%
Shawn Mendes Like To Be You (ft Julia Michaels)
37%
Wonder Look Up At The Stars
37%
Shawn The Mountain
37%
Illuminate Three Empty Words
37%
Handwritten Kid In Love
36%
Wonder Piece Of You
36%
Single Summer Of Love (With Tainy)
36%
Single When You're Gone
36%
Illuminate Don't Be A Fool
35%
Shawn Isn't That Enough
35%
Shawn Who I Am
35%
Handwritten A Little Too Much
34%
Shawn Mendes Because I Had You
34%
Wonder Call My Friends
34%
Shawn Heavy
34%
Handwritten I Don't Even Know Your Name
34%
Illuminate No Promises
34%
Illuminate Like This
33%
Shawn Mendes When You're Ready
33%
Wonder Can't Imagine
30%
Mis Manos Kesi (Remix) (Camilo ft Shawn Mendes)
30%
Handwritten Crazy
29%
Wonder Song For No One
29%
Meet The Vamps Oh Cecilia (Breaking My Heart) (The Vamps ft Shawn Mendes)
28%
Shawn That'll Be The Day
28%
Shawn That's The Dream
28%
Wonder The Christmas Song (With Camila Cabello) (Holiday Deluxe Bonus Track)
28%
Shawn In Between
27%
Shawn Nobody Knows
27%
Single What The Hell Are We Dying For?
27%
Handwritten This Is What It Takes
25%
Shawn Rollin' Right Along
24%
Handwritten Bring It Back (Deluxe Edition Bonus Track)
23%
The Shawn Mendes EP One Of Those Nights
23%
Lyle, Lyle Crocodile (Soundtrack) Heartbeat
19%
Lyle, Lyle Crocodile (Soundtrack) Top Of The World
18%
Promotional Single Under Pressure (ft Teddy)
14%
Lyle, Lyle Crocodile (Soundtrack) Rip Up The Recipe (With Constance Wu)
13%
Lyle, Lyle Crocodile (Soundtrack) Carried Away
12%
The 100 Add It Up
11%
Lyle, Lyle Crocodile (Soundtrack) Take A Look At Us Now (With Javier Bardem)
11%
Djesse Vol 4 Witness Me (Jacob Collier ft Shawn Mendes, Stormzy & Kirk Franklin)
11%
Wonder Can't Take My Eyes Off You (Holiday Deluxe Bonus Track)
10%
The Big Day Ballin Flossin (Chance The Rapper ft Shawn Mendes)
8%
Charity Single Earth (As Part Of Various Artists)
5%
BBC Radio 1's Live Lounge 2018 Psycho
5%
One World: Together At Home What A Wonderful World (With Camila Cabello)
4%
Roadrunner: New Light, New Machine Count On Me (Brockhampton ft ASAP Rocky, So Gone So Flexy, Ryan Beatty & Shawn Mendes)
2%
Handwritten Don't Want Your Love (Target Edition Bonus Track)
1%
No matching quizzes found
Score Distribution
Percent of People with Each Score
Percentile by Number Answered
Your Score History
You have not taken this quiz